Садово-парковый топос на страницах фантастических повестей Антония Погорельского; Филологические науки. Вопросы теории и практики; № 1

Détails bibliographiques
Parent link:Филологические науки. Вопросы теории и практики.— , 2008-
№ 1.— 2013.— [С. 89-91]
Auteur principal: Замятина Е. В. Елена Викторовна
Collectivité auteur: Национальный исследовательский Томский политехнический университет
Résumé:Заглавие с экрана
В статье раскрываются основные функции топоса сада в поэтике русской фантастической повести первой трети XIX века на примере повестей А. Погорельского. Садовый топос определяется как многогранный символ и как значимая категория художественного мира произведения, связывающая автора и повествователя, характеризующая героев, являющаяся атрибутом двух миров: реального и потустороннего.
Режим доступа: по договору с организацией-держателем ресурса
Langue:russe
Publié: 2013
Sujets:
Accès en ligne:http://elibrary.ru/item.asp?id=18241008
http://www.gramota.net/materials/2/2013/1/23.html
Format: MixedMaterials Électronique Chapitre de livre
KOHA link:https://koha.lib.tpu.ru/cgi-bin/koha/opac-detail.pl?biblionumber=638781

MARC

LEADER 00000naa0a2200000 4500
001 638781
005 20250603114444.0
035 |a (RuTPU)RU\TPU\network\3173 
035 |a RU\TPU\network\3164 
090 |a 638781 
100 |a 20150212d2013 k||y0rusy50 ca 
101 0 |a rus 
102 |a RU 
135 |a drcn ---uucaa 
181 0 |a i  
182 0 |a b 
200 1 |a Садово-парковый топос на страницах фантастических повестей Антония Погорельского  |f Е. В. Замятина 
203 |a Текст  |c электронный 
300 |a Заглавие с экрана 
320 |a [Библиогр.: с. 91 (6 назв.)] 
330 |a В статье раскрываются основные функции топоса сада в поэтике русской фантастической повести первой трети XIX века на примере повестей А. Погорельского. Садовый топос определяется как многогранный символ и как значимая категория художественного мира произведения, связывающая автора и повествователя, характеризующая героев, являющаяся атрибутом двух миров: реального и потустороннего. 
333 |a Режим доступа: по договору с организацией-держателем ресурса 
461 |t Филологические науки. Вопросы теории и практики  |d 2008- 
463 |t № 1  |v [С. 89-91]  |d 2013 
610 1 |a электронный ресурс 
610 1 |a труды учёных ТПУ 
610 1 |a топосы 
610 1 |a сады 
610 1 |a повести 
610 1 |a символизм 
610 1 |a реальный мир 
700 1 |a Замятина  |b Е. В.  |c лингвист  |c доцент Томского политехнического университета, кандидат филологических наук  |f 1981-  |g Елена Викторовна  |3 (RuTPU)RU\TPU\pers\29012  |9 13732 
712 0 2 |a Национальный исследовательский Томский политехнический университет  |c (2009- )  |9 26305 
801 2 |a RU  |b 63413507  |c 20150212  |g RCR 
850 |a 63413507 
856 4 |u http://elibrary.ru/item.asp?id=18241008 
856 4 0 |u http://www.gramota.net/materials/2/2013/1/23.html 
942 |c CF